Provincias de España por Imágen #1 - Estadísticas

Estadísticas generales
  • Esta prueba ha sido intentada 2.779 veces
    2.765 desde el último reinicio
  • La puntuación promedio es 13 de 25
Estadísticas de respuestas
Imagen Respuesta % Correcto
Madrid
93%
Córdoba
86%
Sevilla
85%
Álava
75%
Tarragona
74%
Toledo
74%
Badajoz
69%
Burgos
66%
Zaragoza
62%
Islas Baleares
58%
La Coruña
58%
Murcia
58%
Huelva
54%
Cádiz
47%
Santa Cruz de Tenerife
44%
Castellón
41%
Las Palmas
41%
Asturias
40%
Alicante
35%
Pontevedra
29%
Lérida
28%
Gerona
27%
Guadalajara
27%
Orense
19%
Valladolid
16%
No se encontraron pruebas coincidentes
Distribución de puntuación
Porcentaje de gente con cada puntuación
Porcentaje por número respondido
Historial de tus puntuaciones
No has intentado esta prueba desde el último reinicio